00153nam a2200061Ia 4500008004100000100002700041245002300068120527s9999 xx 000 0 und d aAm. Psychological Ass. aPublication Manual